Historia critica de los partidos politicos argentinos /
Guardado en:
| Autor Principal: | |
|---|---|
| Formato: | Libro |
| Publicado: |
Buenos Aires :
Argumentos,
1956
|
| Materias: | |
| Etiquetas: |
Agregar Etiqueta
Sin Etiquetas, Sea el primero en etiquetar este registro!
|
| LEADER | 00609nam a22001935a 4500 | ||
|---|---|---|---|
| 001 | EHU.bham025166 | ||
| 003 | AR-BHAM | ||
| 005 | 20101113095622.0 | ||
| 008 | 130507s1956##################000#0#####d | ||
| 082 | 3 | 2 | |a 329.982 |
| 100 | 1 | |a Puiggros, Rodolfo | |
| 245 | 1 | 0 | |a Historia critica de los partidos politicos argentinos / |c Rodolfo Puiggros |
| 260 | |a Buenos Aires : |b Argumentos, |c 1956 | ||
| 300 | |a 482 p. | ||
| 653 | |a Donacion lejarraga | ||
| 653 | |a Partidos politicos | ||
| 653 | |a Partidos politicos-argentina | ||
| 653 | |a Politica argentina | ||
| 859 | |a AR-BHAM |b BIB. HUMANIDADES - General |h 329.982 |i P964-4 |p 925.02 |t Ej.1 | ||
